00475nam a22001337a 450000500170000000800410001708200140005810000370007224501130010925000190022226000430024130000320028465000250031620231026062536.0231026b |||||||| |||| 00| 0 eng d a346.7 SUZ aGordon, G and Odes, MWlEnglish  aSuzman and Gordon on The Law of Compulsory Motor Vehicle Insurance in South Africa / cG Gordon and MW Odes  aSecond Edition aCape Town :bJuta & Company Ltd,c1970 bxvii, 375 pages ; c26 cm.  aLegal practice bLaw